000 00787nam a2200241 a 4500
008 951214s1988||||[C 0 slo c
020 _c23 Kčs.
_q(11300 výtl.)
040 _aSNK
_bslo
_cSNK
_eAACR2
041 1 _aslo
_hger
044 _axo
_cSK
080 _a830-3
100 1 _aMann, Klaus
_4aut
245 1 0 _aÚtek na sever
_cKlaus Mann ; Viera Juríčková, Viera Juríčková, Milan Rašla
250 _a1., vyd.
260 _aBratislava
_bSmena
_c1988
_eBratislava
_fPravda
300 _a213 s., 13,57 AH
_c21 cm
490 0 _aMáj
_vZv. 513.
500 _aIlustr. na front. Spoluvyd. Lidové nakladatelství, Mladá fronta a Naše vojsko, Praha.
700 1 _aJuríčková, Viera
_4trl
700 1 _aJuríčková, Viera
_4[ADC]
700 1 _aRašla, Milan
_4bkd
958 _aA
999 _c12130
_d12130